000
00337nam a2200157Ia 4500
100
_a
Lala/R.M
942
_c
BK
366
_f
20
654
_a
J.R.D tata
245
_a
Joy of achievement:Conversations with J.R.D Tata
260
_b
Penguin Books
_c
1995
082
_a
808.83
_b
LAL
300
_a
194
546
_a
ENGLISH
999
_c
19516
_d
19516